Flipped Country Shapes #1 - Statistics

General Stats
  • This quiz has been taken 49 times
  • The average score is 17 of 20
Answer Stats
Picture Answer % Correct
Croatia
100%
Netherlands
100%
China
97%
France
97%
South Africa
95%
Panama
92%
Iraq
90%
Chad
87%
Finland
87%
Switzerland
87%
Venezuela
85%
Brazil
82%
Estonia
82%
Mongolia
82%
South Sudan
77%
Ghana
72%
Botswana
69%
Slovakia
67%
Guatemala
64%
Rwanda
49%
No matching quizzes found
Score Distribution
Percent of People with Each Score
Percentile by Number Answered
Your Score History
You have not taken this quiz